000 00503cam a22002051 4500
001 med47001553
003 DLC
005 20260227111602.0
008 810815m19469999xx 000 0 fre
010 _amed47001553
035 _a(OCoLC)14729512
040 _aDLC
_cDNLM
_dDLC
042 _apremarc
050 0 0 _aRC71
_b.B38
060 0 _aWB 143
_bB345g 1946
100 1 _aBaufle, Paul,
_d1885-1946.
245 1 4 _aLes grands syndromes ...
260 _aParis,
_bLe François,
_c1946-
300 _av.
999 _c38336
_d38336